| 000 | 00957nam a2200265 a 4500 | ||
|---|---|---|---|
| 001 | 000021821 | ||
| 003 | DO-SdBNP | ||
| 005 | 20250618134414.0 | ||
| 008 | 100913s1985 dr 000 0 spa d | ||
| 040 |
_aDO-SdBNP _bspa _cBNPHU |
||
| 049 | _aBNPD | ||
| 082 | _aBNPD | ||
| 082 |
_a917.293 _bS235i |
||
| 245 | 0 | 0 |
_aImpresos sobre La Isabela, noticias y documentos / _crecompilación e introducción Pedro J. Santiago. |
| 260 |
_aSanto Domingo : _bONAP, _c1985. |
||
| 300 |
_a248 p. ; _c21 cm. |
||
| 490 | 1 |
_aV centenario del descubrimiento de América _v1 |
|
| 500 | _aLa biblioteca posee el volúmen 1 | ||
| 500 | _aIncluye notas al pie de páginas | ||
| 651 | 4 |
_aRepública Dominicana _xDescripciones Y Viajes _91651 |
|
| 700 | 1 |
_aSantiago, Pedro J. _ecomp. _945327 |
|
| 710 | 1 |
_aRepública Dominicana. _bOficina Nacional de Administración y Personal _926398 |
|
| 830 | 0 |
_aV centenario del descubrimiento de América _n1 _945328 |
|
| 942 |
_2ddc _cLBS1 |
||
| 999 |
_c21319 _d21319 |
||